[Event "NZL-ch Major op"]
[Site "Auckland"]
[Date "2019.01.19"]
[Round "6"]
[White "Burgess, Ken"]
[Black "Ning, Isabelle Yixuan"]
[Result "1-0"]
[WhiteElo "1634"]
[BlackElo "1453"]
[PlyCount "89"]
[EventDate "2019.01.14"]
[EventType "swiss"]
[EventRounds "9"]
[EventCountry "NZL"]
[SourceTitle "CBM 189 Extra"]
[Source "ChessBase"]
[SourceDate "2019.06.03"]
[SourceVersion "1"]
[SourceVersionDate "2019.06.03"]
[SourceQuality "1"]

1. Nf3 Nf6 2. g3 g6 3. b3 Bg7 4. Bb2 d5 5. d3 0-0 6. Bg2 e6 7. 0-0 c5 8. Nbd2 Nc6 9. e4 Re8 10. exd5 exd5 11. Re1 Be6 12. Ne5 Qc7 13. Nxc6 bxc6 14. f4 Rad8 15. Be5 Qb6 16. Nf3 Ng4 17. Bxg7 Kxg7 18. h3 c4+ 19. d4 Nf6 20. bxc4 dxc4 21. c3 Nd5 22. Qc1 Qa5 23. Ne5 Rc8 24. Nxc4 Qc7 25. Ne3 Nxe3 26. Rxe3 c5 27. d5 Bd7 28. c4 Rxe3 29. Qxe3 Re8 30. Qc3+ f6 31. Re1 Rxe1+ 32. Qxe1 Bf5 33. Qd2 Qb6 34. g4 Bd7 35. d6 Qb1+ 36. Kf2 Kf7 37. Qe2 Be6 38. Bd5 Bxd5 39. cxd5 Qb7 40. Qe6+ Kg7 41. Qe7+ Qxe7 42. dxe7 Kf7 43. d6 Ke8 44. Ke3 Kd7 45. Kd3 1-0

[Event "NZL-ch Major op"]
[Site "Auckland"]
[Date "2019.01.18"]
[Round "5"]
[White "Vincent, David A"]
[Black "Burgess, Ken"]
[Result "0-1"]
[WhiteElo "1410"]
[BlackElo "1634"]
[PlyCount "72"]
[EventDate "2019.01.14"]
[EventType "swiss"]
[EventRounds "9"]
[EventCountry "NZL"]
[SourceTitle "CBM 189 Extra"]
[Source "ChessBase"]
[SourceDate "2019.06.03"]
[SourceVersion "1"]
[SourceVersionDate "2019.06.03"]
[SourceQuality "1"]

1. c4 Nf6 2. g3 g6 3. Bg2 c5 4. e4 Nc6 5. Nc3 Bg7 6. Nge2 d6 7. h3 Be6 8. d3 a6 9. 0-0 0-0 10. Be3 Qc8 11. Kh2 Nd7 12. f4 f5 13. Qd2 Nd4 14. Nd5 Bxd5 15. cxd5 Nxe2 16. Qxe2 fxe4 17. Bxe4 b5 18. Rac1 Nf6 19. Qd2 Nxe4 20. dxe4 e5 21. fxe5 Bxe5 22. Bh6 Rxf1 23. Rxf1 Qd7 24. Qf2 Bg7 25. Bxg7 Qxg7 26. Qf6 Rf8 27. Qxg7+ Kxg7 28. Rxf8 Kxf8 29. g4 g5 30. Kg3 Kf7 31. Kf3 Kf6 32. Ke3 Ke5 33. Kf3 c4 34. Ke3 b4 35. a3 h6 36. b3 bxa3 0-1